Rodríguez 71 / (Record no. 188103)

MARC details
000 -LEADER
campo de control de longitud fija 00621nam a2200193 i 4500
001 - NÚMERO DE CONTROL
campo de control 188103
003 - IDENTIFICADOR DE NÚMERO DE CONTROL
campo de control SpMaBN
005 - FECHA Y HORA DE LA ÚLTIMA TRANSACCIÓN
campo de control 20250830063112.0
008 - DATOS DE LONGITUD FIJA--INFORMACIÓN GENERAL
campo de control de longitud fija 180430s1971 sp a |||| | spa d
080 ## - NÚMERO DE LA CLASIFICACIÓN DECIMAL UNIVERSAL
Número de la Clasificación Decimal Universal 860-321.2"19"
100 1# - ENTRADA PRINCIPAL--NOMBRE DE PERSONA
Nombre de persona Costa Clavell, Xavier,
Fechas asociadas al nombre 1923-2006
9 (RLIN) 41089
245 10 - MENCIÓN DEL TÍTULO
Título Rodríguez 71 /
Mención de responsabilidad, etc. Miguel Arceledo ; [portada e ilustraciones, Gin].
260 ## - PUBLICACIÓN, DISTRIBUCIÓN, ETC.
Lugar de publicación, distribución, etc. Barcelona :
Nombre del editor, distribuidor, etc. Rodegar,
Fecha de publicación, distribución, etc. [1971]
300 ## - DESCRIPCIÓN FÍSICA
Extensión 125 p. :
Otras características físicas il. ;
Dimensiones 17 cm.
594 ## - Nota al título y mención de responsabilidad
Nota al título y mención de responsabilidad Miguel Arceledo es seud. de Xavier Costa Calvell.
700 0# - ENTRADA AGREGADA--NOMBRE PERSONAL
Nombre de persona Gin (
Fechas asociadas al nombre 1930-1996)
9 (RLIN) 164725
852 ## - LOCALIZACIÓN
Ubicación ES-MaACL
Número de control de estantería L-31996
Holdings
Estatus retirado Estado de pérdida Estado de daño No para préstamo Biblioteca de origen Biblioteca actual Ubicación en estantería Fecha de adquisición Fuente de adquisición Total de préstamos Signatura topográfica completa Código de barras Visto por última vez Precio de reemplazo Tipo de ítem Koha
        Biblioteca del Ateneo de Madrid Biblioteca del Ateneo de Madrid Depósito 2 30/04/2018     L-31996 1198803 23/02/2023 23/02/2023 Libro impreso